=LDR 00000nam 2200000 4500 =001 000878 =005 20250712112818 =035 ##$$a 0010-0725000756 =007 ta =008 250712################a##########0#ind## =020 ##$$a 978-623-118-879-3 =082 ##$$a 398.209 598 =084 ##$$a 398.209 598 YUL t =100 #$$a Yulita firtiana =245 1#$$a Teman istimewa /$c Yulita fitriana =250 ##$$a Cetakan pertama =260 ##$$a Rawamangun :$b Badan pengembangan dan pembinaan bahasa,$c 2022 =300 ##$$a 24 hlm. : $b Ilus. ; $c 29,7cm =650 #4$$a Cerita anak-indonesia